Geography Quiz

Random Geography or Asia Quiz

Gimme Five: Asian Geography Quiz Stats

Quiz Updated Mar 20, 2017

Challenge
Share
Tweet
Embed
Score 0/45 Timer 06:00
0 Plays Today
% Correct
India
97.7%
India
97.7%
India
97.7%
Indonesia
95.1%
Japan
94.7%
Japan
94.7%
China
93.2%
China
93.2%
Iran
91.8%
Iran
91.7%
Iraq
91%
Mandarin
87.2%
South Korea
84.4%
South Korea
84.4%
Tokyo, Japan
84%
Russia
83.5%
Russia
83.2%
Nepal
83%
Israel
75.1%
Israel
74.9%
Hindi-Urdu
73.5%
Pakistan
70.8%
Arabic
68.5%
% Correct
New Delhi, India
67.9%
Kazakhstan
64.6%
Yellow River
64.1%
Yangtze
63.3%
Azerbaijan
62.7%
Turkmenistan
62.2%
Bhutan
62.1%
Singapore
58.3%
Ankara, Turkey
56.4%
Russian
55.9%
Seoul, South Korea
55.7%
Jakarta, Indonesia
51.8%
Taiwan
43%
Astana, Kazakhstan
41.9%
Amman, Jordan
40.7%
Bengali
39.5%
Manila, Philippines
37.1%
Mekong
34.6%
Abu Dhabi, United Arab Emirates
30.3%
Ashgabat, Turkmenistan
26.2%
Lena
8.8%
Irtysh
3.6%

You're not logged in!

Compare scores with friends on all Sporcle quizzes.
Sign Up with Email
OR
Log In

You Might Also Like...

Show Comments

Extras

Top Quizzes Today


Score Distribution

Your Account Isn't Verified!

In order to create a playlist on Sporcle, you need to verify the email address you used during registration. Go to your Sporcle Settings to finish the process.